Statistiques concernant Pays d'Amérique du Sud

Cliquez ici pour prendre le quiz!

Statistiques générales

  • Ce quiz a été pris 31 043 fois
  • Le résultat moyen est 11 sur 12

Réponses sur la Carte

Les réponses sont colorées sur une échelle allant du rouge au vert en fonction du pourcentage des utilisateurs qui les ont devinées à leur premier essai. Vous pouvez retrouver ces pourcentages ci-dessous.
Chargement ...
 

Statistiques - réponses

Pays% Correct
Argentine
99%
Brésil
99%
Chili
98%
Pérou
94%
Colombie
93%
Uruguay
93%
Paraguay
92%
Bolivie
90%
Venezuela
90%
Équateur
86%
Guyana
80%
Suriname
77%

Distribution des résultats

Percentile par nombre de réponses

% des personnes avec chaque résultat

Votre développement - résultats

Vous n’avez pas pris ce quiz